000 00593nam a22002052 4500
001 0000011721
005 20151217152100.0
008 090105s xx 000 0 eng d
040 _aKABU
_cKABU
100 1 _aWickenden, James.
_@0000167708
245 1 0 _aColour in Britain /
_cJames Wickenden.
250 _a1st ed.
260 _aLondon :
_bO. U. P.,
_c1958.
300 _a45 p.
650 0 _aBlacks
_zGreat Britain.
_@0000167709
651 0 _aGreat Britain
_xRace relations.
_@0000161489
852 1 _9p200 KES
908 _a090105
950 _@1
999 _c8042
_d8042